The noble scholar, jurist, historian


 His Excellency Dr. Abdul Wahhab bin Ibrahim Abu Sulaiman, may Allah have mercy on him.


 He was born in Umm Al-Qura in the year 1356 AH.

قرة عين العابد بحكم فرش السجاجيد في المساجد : (Record no. 14277)

MARC details
000 -LEADER
fixed length control field 01577cam a2200301 i 4500
003 - CONTROL NUMBER IDENTIFIER
control field SA-RiAUC
005 - DATE AND TIME OF LATEST TRANSACTION
control field 20260210125155.0
008 - FIXED-LENGTH DATA ELEMENTS--GENERAL INFORMATION
fixed length control field 260208s2000 su g 000 0 ara c
020 ## - INTERNATIONAL STANDARD BOOK NUMBER
International Standard Book Number 9960837181
040 ## - CATALOGING SOURCE
Original cataloging agency SA-JeALM
Language of cataloging ara
Transcribing agency SA-RiAUC
Description conventions rda
082 04 - DEWEY DECIMAL CLASSIFICATION NUMBER
Classification number 215
090 ## - LOCALLY ASSIGNED LC-TYPE CALL NUMBER (OCLC); LOCAL CALL NUMBER (RLIN)
Classification number (OCLC) (R) ; Classification number, CALL (RLIN) (NR) 215
Local cutter number (OCLC) ; Book number/undivided call number, CALL (RLIN) ا ب ن ي
100 1# - MAIN ENTRY--PERSONAL NAME
Personal name ابن إلياس، خير الدين بن تاج الدين إلياس،
Dates associated with a name 1086-1127 هجري
Relator term مؤلف.
245 10 - TITLE STATEMENT
Title قرة عين العابد بحكم فرش السجاجيد في المساجد :
Remainder of title رسالة في حكم حجز الأمكنة ... /
Statement of responsibility, etc. تأليف خير الدين بن تاج الدين إلياس زادة ؛ مراجعة وتقريظ محمد الأمين أبوخبزة الحسني ؛ تحقيق وتعليق يوسف محمد داخل الصبحي.
250 ## - EDITION STATEMENT
Edition statement الطبعة الأولى.
264 #1 - PRODUCTION, PUBLICATION, DISTRIBUTION, MANUFACTURE, AND COPYRIGHT NOTICE
Place of production, publication, distribution, manufacture الرياض :
Name of producer, publisher, distributor, manufacturer دار العاصمة للنشر والتوزيع،
Date of production, publication, distribution, manufacture, or copyright notice 2000
300 ## - PHYSICAL DESCRIPTION
Extent 87 صفحة ؛
Dimensions 24 سم
336 ## - CONTENT TYPE
Content type term نص
Content type code txt
Source rdacontent
Materials specified كتاب
337 ## - MEDIA TYPE
Media type term بدون وسيط
Media type code n
Source rdamedia
500 ## - GENERAL NOTE
General note اهداء من المحقق يوسف الصبحي الى الشيخ رحمه الله بتاريخ 15 / 9 / 1421 هـ
650 #7 - SUBJECT ADDED ENTRY--TOPICAL TERM
Topical term or geographic name entry element المساجد
Source of heading or term aucsh
650 #7 - SUBJECT ADDED ENTRY--TOPICAL TERM
Topical term or geographic name entry element الأحكام الشرعية
Source of heading or term aucsh
650 #7 - SUBJECT ADDED ENTRY--TOPICAL TERM
Topical term or geographic name entry element الفقه الإسلامي
Source of heading or term aucsh
700 1# - ADDED ENTRY--PERSONAL NAME
Personal name الصبحي، يوسف بن محمد بن داخل
Relator term محقق.
700 1# - ADDED ENTRY--PERSONAL NAME
Personal name الحسني، محمد بن الأمين أبوخبزة،
Dates associated with a name 1932-2020
Relator term مراجع.
942 ## - ADDED ENTRY ELEMENTS (KOHA)
Source of classification or shelving scheme Dewey Decimal Classification
Koha item type Books
Suppress in OPAC No
949 ## - LOCAL PROCESSING INFORMATION (OCLC)
a SA-JeALM
d 260208
u osman123
n 1
Holdings
Withdrawn status Lost status Source of classification or shelving scheme Damaged status Not for loan Collection Home library Current library Date acquired Total checkouts Full call number Barcode Date last seen Price effective from Koha item type
    Dewey Decimal Classification     اهداء DR AbdElwahab Library DR AbdElwahab Library 02/10/2026   215 ا ب ن ي 000009454 02/10/2026 02/10/2026 Books